Molière : auteur précieux /

Αποθηκεύτηκε σε:
Λεπτομέρειες βιβλιογραφικής εγγραφής
Κύριος συγγραφέας: Baumal, Francis (autor)
Μορφή: Βιβλίο
Γλώσσα:Γαλλικά
Θέματα:
Ετικέτες: Προσθήκη ετικέτας
Δεν υπάρχουν, Καταχωρήστε ετικέτα πρώτοι!

MARC

LEADER 00000nam^a2200000^a^4500
001 000364850
005 20250526000000.0
009 20260310115628.208
037 |a Acervo ITESO - Biblioteca 
041 |a FRA 
082 |a 840. 94403  |b BAU 
100 |a Baumal, Francis  |e (autor) 
245 1 0 |a Molière :  |b auteur précieux /  |c F. Baumal. 
264 |a París, Francia :  |b La Renaissance du Livre,  |c fecha no identificada 
300 |a 176 p. ;  |c 19.0 cm. 
336 |a texto  |b txt  |2 rdacontenido 
337 |a sin mediación  |b n  |2 rdamedio 
338 |a volumen  |b nc  |2 rdasoporte 
545 0 |a El dramaturgo y actor francés Jean-Baptiste Poquelin (1622-1673), quien adoptó el seudónimo de Molière, es considerado uno de los mejores comediógrafos de la literatura occidental. Su acierto fue adaptar la comedia a la forma convencional del teatro francés con un énfasis en lo cómico y usar la ironía para atacar la hipocresía y la corrupción en la sociedad francesa de su época. Esto le provocó problemas con la Iglesia Católica, que censuró la representación pública de sus obras. Algunas de sus obras: Las preciosas ridículas (1659); La escuela de las mujeres (1962); Tartufo (1664), en sus tres versiones; Don Juan (1665); El médico a palos (1666); El misántropo (1966); El avaro (1968) y El enfermo imaginario (1673). Durante la cuarta representación de esta última, Molière, representando el papel de Argán, sufre un ataque y posteriormente muere. 
649 |a XX 
650 |a Escritores Franceses -  |x Biografías 
650 |a Teatro Francés -  |x Historia y Crítica -  |x Tema Principal 
650 |a Literatura Francesa -  |x Historia y Crítica 
650 |a Literatura Francesa -  |y Siglo XVII 
650 |a Molière -  |x Tema Principal 
910 |a Fondo General 
920 |a Impresos - Libros 
930 |a Libros Antiguos y Raros 
940 |a Literatura 
905 |a 108 
901 |a 0500258495  |b IT2  |c LRA  |i D75308  |u 20250526 
902 |a https://opac.biblio.iteso.mx/vufind/Record/000364850